[Event "Sant Boi op 29th"]
[Site "Sant Boi de Llobregat"]
[Date "2017.06.16"]
[Round "9"]
[White "Castells Pagan, Raul"]
[Black "Bise Fenoy, Jordi"]
[Result "1-0"]
[WhiteElo "1826"]
[BlackElo "1781"]
[PlyCount "104"]
[EventDate "2017.04.21"]
[EventType "swiss"]
[EventRounds "9"]
[EventCountry "ESP"]
[SourceTitle "CBM 187 Extra"]
[Source "ChessBase"]
[SourceDate "2018.11.04"]
[SourceVersion "1"]
[SourceVersionDate "2018.11.04"]
[SourceQuality "1"]

1. d4 d6 2. Nf3 Nf6 3. c4 Bg4 4. Nbd2 Nbd7 5. e3 c6 6. Bd3 g6 7. h3 Bxf3 8. Qxf3 Bg7 9. Rb1 0-0 10. 0-0 e5 11. d5 Nc5 12. Bc2 cxd5 13. cxd5 a5 14. e4 b5 15. Qe2 b4 16. Nc4 a4 17. b3 axb3 18. axb3 Ra2 19. Rb2 Ra1 20. Bd2 Rxf1+ 21. Kxf1 Qb8 22. Na5 Qb6 23. Nc4 Qb8 24. Ra2 Rc8 25. Qe1 Bf8 26. f3 Rc7 27. Na5 Qb5+ 28. Qe2 Qb6 29. Nc6 Nh5 30. Qf2 Nf4 31. Ra8 Qb5+ 32. Kg1 Qe2 33. Qxe2 Nxe2+ 34. Kf2 Nf4 35. g3 Nh5 36. Bh6 Ng7 37. Rb8 f6 38. Bd2 f5 39. Bxb4 Na6 40. Rxf8+ Kxf8 41. Bxd6+ Ke8 42. Bxc7 Nxc7 43. Bd3 fxe4 44. fxe4 Kd7 45. Nxe5+ Kd6 46. Nf7+ Kc5 47. d6 Nce6 48. d7 Kd4 49. Ke2 Nh5 50. Bc4 Nxg3+ 51. Kf3 Nxe4 52. Bxe6 Ng5+ 1-0

[Event "Sant Boi op 29th"]
[Site "Sant Boi de Llobregat"]
[Date "2017.04.21"]
[Round "1"]
[White "Castells Pagan, Raul"]
[Black "Iglesias Ojeda, Fernando"]
[Result "0-1"]
[WhiteElo "1826"]
[BlackElo "2047"]
[PlyCount "98"]
[EventDate "2017.04.21"]
[EventType "swiss"]
[EventRounds "9"]
[EventCountry "ESP"]
[SourceTitle "CBM 187 Extra"]
[Source "ChessBase"]
[SourceDate "2018.11.04"]
[SourceVersion "1"]
[SourceVersionDate "2018.11.04"]
[SourceQuality "1"]

1. d4 d6 2. Nf3 f5 3. c4 Nf6 4. Nc3 g6 5. Qc2 Bg7 6. h3 0-0 7. Bf4 c6 8. e3 Qa5 9. Bd3 Na6 10. 0-0 Nb4 11. Qe2 Nxd3 12. Qxd3 Nh5 13. Bh2 e5 14. Qc2 e4 15. Nd2 Qd8 16. f3 Bh6 17. Rae1 exf3 18. Rxf3 Be6 19. d5 Bc8 20. e4 f4 21. dxc6 bxc6 22. Rd3 Qe7 23. Qa4 Bd7 24. Qa3 Rf6 25. Nf3 Bf8 26. Red1 Qd8 27. c5 Be6 28. e5 Rf7 29. cxd6 g5 30. Nd4 Bc4 31. R3d2 Qd7 32. b3 Be6 33. Ne4 Bd5 34. Nc5 Bxd6 35. exd6 Qxd6 36. b4 Re8 37. Nf3 h6 38. Kf2 Rfe7 39. Re1 Rxe1 40. Nxe1 Qe7 41. Qc1 Qe3+ 42. Kf1 Kg7 43. Qd1 Bc4+ 44. Ncd3 Ng3+ 45. Bxg3 fxg3 46. Re2 Rf8+ 47. Nf3 Bxd3 48. Ke1 Bxe2 49. Qxe2 Qc1+ 0-1

[Event "Castelldefels-B"]
[Site "Castelldefels"]
[Date "2001.??.??"]
[Round "7"]
[White "Castells Pagan, Raul"]
[Black "Munoz Cuesta, Emilio Josep"]
[Result "1-0"]
[WhiteElo "1925"]
[BlackElo "2080"]
[PlyCount "77"]
[EventDate "2001.05.??"]
[EventType "tourn"]
[EventRounds "9"]
[EventCountry "ESP"]
[SourceTitle "EXT 2002"]
[Source "ChessBase"]
[SourceDate "2001.11.25"]
[SourceVersion "1"]
[SourceVersionDate "2001.11.25"]
[SourceQuality "1"]

1. d4 f5 2. Nf3 Nf6 3. g3 g6 4. Bg2 Bg7 5. 0-0 0-0 6. c4 Na6 7. d5 d6 8. Nc3 e5 9. Re1 Qe8 10. e4 Nc5 11. exf5 Bxf5 12. Nh4 a5 13. Be3 Nfd7 14. Qd2 Bd3 15. b3 Qf7 16. Nb5 Rfc8 17. Rac1 Bf8 18. Bh3 c6 19. Bxc5 Nxc5 20. Bxc8 Rxc8 21. dxc6 bxc6 22. Nc3 Be7 23. Ng2 Rf8 24. Nd1 Qf5 25. f4 Be4 26. Nf2 d5 27. cxd5 Rd8 28. Qxa5 Rxd5 29. Ne3 Qf8 30. Nxd5 Bxd5 31. Qc3 exf4 32. Rxe7 fxg3 33. hxg3 Qxe7 34. Qxc5 Qg5 35. Qc3 h5 36. Re1 h4 37. Qe3 Qf5 38. Qe8+ Kg7 39. Qe5+ 1-0

[Event "Castelldefels-B"]
[Site "Castelldefels"]
[Date "2001.??.??"]
[Round "4"]
[White "Illan Garcia, Francisco"]
[Black "Castells Pagan, Raul"]
[Result "1-0"]
[WhiteElo "2005"]
[BlackElo "1925"]
[PlyCount "49"]
[EventDate "2001.05.??"]
[EventType "tourn"]
[EventRounds "9"]
[EventCountry "ESP"]
[SourceTitle "EXT 2002"]
[Source "ChessBase"]
[SourceDate "2001.11.25"]
[SourceVersion "1"]
[SourceVersionDate "2001.11.25"]
[SourceQuality "1"]

1. e4 c5 2. Nc3 d6 3. g3 Nc6 4. Bg2 e6 5. d3 g6 6. Be3 Bg7 7. Qd2 Nge7 8. Bh6 0-0 9. h4 Nd4 10. Bxg7 Kxg7 11. h5 Rh8 12. 0-0-0 Bd7 13. Nge2 Nec6 14. hxg6 fxg6 15. Qh6+ Kg8 16. Nxd4 Nxd4 17. Rh4 Qf8 18. Qe3 Rb8 19. f4 b5 20. Ne2 Nc6 21. Rf1 Qg7 22. f5 exf5 23. exf5 Re8 24. Bd5+ Kf8 25. fxg6+ 1-0